Dibujo de sol con nubes : una aproximación a los límites y potencialidades del PRD en un municipio michoacano : (historia de una utopía nonata) /

Bibliographic Details
Main Author: Ramírez Sevilla, Luis
Format: Book
Language:Spanish
Published: Zamora, Mich. : El Colegio de Michoacán, [1997]
Series:Colección Investigaciones (Colegio de Michoacán)
Subjects:

MARC

Tag First Indicator Second Indicator Subfields
LEADER 00000aam a2200000 a 4500
001 in00001616639
005 20151023060854.0
008 980908s1997 mx a b 000 0 spa d
010 |a  98192877  
020 |a 9686959688 (pbk.) 
035 |a (OCoLC)ocm39429577 
040 |a GZM  |c DLC  |d EL$  |d TXA  |d UtOrBLW 
042 |a lccopycat 
043 |a n-mx--- 
049 |a TXAM 
050 0 0 |a JL1298.R42  |b R36 1997 
100 1 |a Ramírez Sevilla, Luis. 
245 1 0 |a Dibujo de sol con nubes :  |b una aproximación a los límites y potencialidades del PRD en un municipio michoacano : (historia de una utopía nonata) /  |c Luis Ramírez Sevilla. 
264 1 |a Zamora, Mich. :  |b El Colegio de Michoacán,  |c [1997] 
264 4 |c ©1997 
300 |a 261 pages :  |b illustrations ;  |c 23 cm. 
336 |a text  |b txt  |2 rdacontent 
337 |a unmediated  |b n  |2 rdamedia 
338 |a volume  |b nc  |2 rdacarrier 
490 1 |a Colección Investigaciones 
504 |a Includes bibliographical references (pages 253-261). 
610 2 0 |a Partido de la Revolución Democrática (Mexico) 
650 0 |a Political parties  |z Mexico  |z Zacapu (Municipio)  |x History  |y 20th century. 
651 0 |a Zacapu (Mexico : Municipio)  |x Politics and government  |y 20th century. 
650 4 |a Elecciones  |z Zacapu, Michoacán, 1988. 
650 4 |a Partidos políticos  |z Mexico  |z Michoacán de Ocampo. 
651 4 |a Michoacán  |x Política y gobierno  |y 1988. 
830 0 |a Colección Investigaciones (Colegio de Michoacán) 
994 |a E0  |b TXA 
948 |a cataloged  |b h  |c 2001/7/17  |d c  |e blrosas  |f 3:04:54 pm 
999 |a MARS 
999 f f |s 8fbd4403-0aa8-3c25-b95c-44cfb7302701  |i 8d817840-4483-3ec8-b00a-9dadf0e3abe3  |t 0 
952 f f |p ric  |a Texas A&M University  |b Rellis Campus  |c Joint Library Facility  |d Remote Storage  |t 0  |e JL1298.R42 R36 1997  |h Library of Congress classification  |i unmediated -- volume  |m A14827866157 
998 f f |a JL1298.R42 R36 1997  |t 0  |l Remote Storage